Pluvio recorre las Islas Galápagos / (Record no. 179617)

MARC details
000 -CABECERA
campo de control de longitud fija 00701nam a2200217 u 4500
005 - FECHA Y HORA DE LA ÚLTIMA TRANSACCIÓN
campo de control 20240924071312.0
008 - ELEMENTOS DE LONGITUD FIJA--INFORMACIÓN GENERAL
campo de control de longitud fija 160118s2011 r 000 0 eng d
035 ## - NÚMERO DE CONTROL DEL SISTEMA
Número de control de sistema UPN01000207516
049 ## - COLECCIÓN
Colección I
050 #4 - SIGNATURA TOPOGRÁFICA DE LA BIBLIOTECA DEL CONGRESO
Número de clasificación GB471
Número de documento/Ítem G4.6
100 1# - ASIENTO PRINCIPAL--NOMBRE PERSONAL
Nombre de persona Gerson de Goldsmit, Sara,
Fechas asociadas al nombre 1940-
9 (RLIN) 35642
245 10 - MENCIÓN DE TÍTULO
Título Pluvio recorre las Islas Galápagos /
Mención de responsabilidad, etc. Sara Gerson Goldsmit ; colab. Eduardo Robles Bosa ; il. Luisa de Noriega.
260 ## - PUBLICACIÓN, DISTRIBUCIÓN, ETC.
Lugar de publicación, distribución, etc. México :
Nombre del editor, distribuidor, etc. Trillas,
Fecha de publicación, distribución, etc. 2011.
300 ## - DESCRIPCIÓN FÍSICA
Extensión 46 p. :
Otras características físicas il. col.
440 #4 - MENCIÓN DE SERIE/ASIENTO SECUNDARIO--TÍTULO
Título Los viajes de Pluvio
650 #4 - ASIENTO SECUNDARIO DE MATERIA - TERMINO TEMATICO
Término de materia o nombre geográfico como elemento de entrada ISLAS
9 (RLIN) 24724
650 #4 - ASIENTO SECUNDARIO DE MATERIA - TERMINO TEMATICO
Término de materia o nombre geográfico como elemento de entrada Literatura infantil
9 (RLIN) 4445
700 1# - ASIENTO SECUNDARIO--NOMBRE DE PERSONAL
Nombre de persona Robles Boza, Eduardo,
Fechas asociadas al nombre 1941-2012
Término indicativo de función/relación colab.
9 (RLIN) 29633
905 ## - TIPO DE MATERIAL
Tipo de material Infantil
Holdings
Estado de retiro Estado de pérdida Fuente del sistema de clasificación o colocación Estado dañado No para préstamo Código de colección Localización permanente Ubicación/localización actual Ubicación en estantería Fecha de adquisición Clasificación Código de barras Fecha visto por última vez Número de copia Tipo de ítem Koha
    Library of Congress Classification     Infantil Bib. Gregorio Torres Quintero Bib. Gregorio Torres Quintero Sala infantil Planta baja 11/05/2023 GB471 G4.6 307343 31/12/2020 1 Libro